艦これ実装重巡 - Statistics

General Stats
  • This quiz has been taken 34 times
  • The average score is 16 of 25
Answer Stats
Answer % Correct
妙高
90%
那智
90%
高雄
86%
最上
86%
青葉
81%
足柄
81%
古鷹
76%
羽黒
76%
摩耶
76%
鳥海
76%
三隈
76%
鈴谷
76%
愛宕
71%
利根
71%
熊野
67%
加古
62%
衣笠
57%
筑摩
57%
Prinz Eugen
43%
Zara
43%
Pola
38%
Tuscaloosa
29%
Houston
24%
Northampton
24%
Minneapolis
10%
No matching quizzes found
Score Distribution
Percent of People with Each Score
Percentile by Number Answered
Your Score History
You have not taken this quiz